000 00445nam a2200169 a 4500
001 0000-8933
003 ELIB.Books
008 110520 1997
035 _a(ELIB.Books)0000-9081
082 _aFic
_bWil
100 _aWilliamson, Martha
245 _aTouched by an Angel a Christmas Miracle
260 _bNashville: Thomas Nelson Publishers
_c1997
650 _aFiction
942 _2ddc
_cBK
998 _cbat
_e2011-05-20
999 _c8933
_d8933